000 00316nam a22001217a 4500
999 _c14070
_d14070
020 _a9781529077629
082 _a006.3
100 _aMo Gawdat
245 _aScary Smart: The Future of Artificial Intelligence and How You Can Save Our World
260 _aUK
_bPan Macmillan
_c2021
300 _a326 pages
942 _cBK